| 000 | 00558nam a2200193Ia 4500 | ||
|---|---|---|---|
| 001 | 35575 | ||
| 008 | 171031s1960 ii g b000 u 465 u | ||
| 082 | _a353.9541 | ||
| 110 | _aAssam Govt. Press . | ||
| 245 | 0 |
_aCollection of Assam Acts and Ordinances for the Year 1957 / _cAssam Govt. Press. _hTextual Documents |
|
| 250 | _a1st ed. / | ||
| 260 |
_aShillong : _bAssam Govt. Press , _c1960. |
||
| 300 |
_a171p. ; _c22cm. |
||
| 653 | _aAssam Acts-1957 | ||
| 653 | _aG-Economics | ||
| 653 | _aRef Se-Report | ||
| 653 | _aT/G-Economics | ||
| 942 |
_2ddc _cBK |
||
| 999 |
_c35557 _d35557 |
||